Ancestors and relatives (Record no. 115901)
[ view plain ]
| 000 -LEADER | |
|---|---|
| fixed length control field | 01925nam a2200373 a 4500 |
| 082 04 - DEWEY DECIMAL CLASSIFICATION NUMBER | |
| Classification number | 929/.1 |
| 100 1# - MAIN ENTRY--AUTHOR NAME | |
| Personal name | Zerubavel, Eviatar. |
| 245 10 - TITLE STATEMENT | |
| Title | Ancestors and relatives |
| 260 ## - PUBLICATION, DISTRIBUTION, ETC. (IMPRINT) | |
| Place of publication | New York : |
| Name of publisher | Oxford University Press, |
| Year of publication | c2012. |
| 300 ## - PHYSICAL DESCRIPTION | |
| Number of Pages | xii, 226 p. : |
| Other physical details | ill. |
| 505 0# - FORMATTED CONTENTS NOTE | |
| Formatted contents note | The genealogical imagination -- Ancestry and descent -- Lineage -- Pedigree -- Origins -- Co-descent -- Kinship -- Community and identity -- Nature and culture -- Blood -- Nature or culture? -- The rules of genealogical lineation -- The rules of genealogical delineation -- The politics of descent -- Stretching -- Cutting and pasting -- Clipping -- Braiding -- Lumping -- Marginalizing -- Splitting -- Pruning -- The genealogy of the future -- Genealogical engineering -- Integration -- Segregation -- Extinction -- The future of genealogy. |
| 650 #0 - SUBJECT ADDED ENTRY--TOPICAL TERM | |
| Topical Term | Genealogy |
| Topical Term | Genealogy |
| Topical Term | Genealogy |
| Topical Term | Families. |
| Topical Term | Kinship. |
| Topical Term | Heredity. |
| 856 40 - ELECTRONIC LOCATION AND ACCESS | |
| Uniform Resource Identifier | http://site.ebrary.com/lib/rucke/Doc?id=10509687 |
No items available.
